A First Course in Programming with C (Record no. 581)

MARC details
000 -LEADER
Fixed length control field 00484nam a2200169 4500
003 - CONTROL NUMBER IDENTIFIER
Control field SEACOMMC
005 - DATE AND TIME OF LATEST TRANSACTION
Control field 20250417132509.0
008 - FIXED-LENGTH DATA ELEMENTS--GENERAL INFORMATION
Fixed length control field 240921b |||||||| |||| 00| 0 eng d
020 ## - INTERNATIONAL STANDARD BOOK NUMBER / ISBN
International Standard Book Number 978-81-2591-211-8
Price Rs.225.00
040 ## - CATALOGING SOURCE
Original cataloging agency SEACOMMC
082 ## - DEWEY DECIMAL CLASSIFICATION NUMBER
Classification number 005.133
Book Number J57
100 ## - MAIN ENTRY--PERSONAL NAME
Personal name Jeyapoovan, T
245 1# - TITLE STATEMENT
Title A First Course in Programming with C
Statement of responsibility T Jeyapoovan
260 ## - IMPRINT
Place of publication New Delhi
Name of publisher Vikas Publishing House
Date of publication 2002
650 ## - SUBJECT ADDED ENTRY--TOPICAL TERM
Topical term Computer programming, programs & data
942 ## - ADDED ENTRY ELEMENTS (KOHA)
Koha item type Books
Holdings
Withdrawn status Lost status Source of classification Damaged status Not for loan Home library Current library Date acquired Total Checkouts Call number Accession number Date last seen Price effective from Koha item type Copy number
    Dewey Decimal Classification     SEACOM MANAGEMENT COLLEGE SEACOM MANAGEMENT COLLEGE 27/09/2007   005.133 J57 M-263 21/09/2024 21/09/2024 Books  
    Dewey Decimal Classification     SEACOM MANAGEMENT COLLEGE SEACOM MANAGEMENT COLLEGE 27/09/2007   005.133 J57 M-264 21/09/2024 21/09/2024 Books 1
    Dewey Decimal Classification     SEACOM MANAGEMENT COLLEGE SEACOM MANAGEMENT COLLEGE 27/09/2007   005.133 J57 M-265 21/09/2024 21/09/2024 Books 2
    Dewey Decimal Classification     SEACOM MANAGEMENT COLLEGE SEACOM MANAGEMENT COLLEGE 27/09/2007   005.133 J57 M-266 21/09/2024 21/09/2024 Books 3
© Seacom Engineering College, All rights reserved.    Powered by Koha